[Event "AUT-chT U18 rapid"]
[Site "Vienna"]
[Date "2023.10.29"]
[Round "5.4"]
[White "Katter, Marlene"]
[Black "Uprimny, Naomi"]
[Result "0-1"]
[WhiteElo "1817"]
[BlackElo "1457"]
[PlyCount "254"]
[EventDate "2023.10.29"]
[EventType "team-swiss"]
[EventRounds "7"]
[EventCountry "AUT"]
[SourceTitle "CBM 216 Extra"]
[Source "ChessBase"]
[SourceDate "2023.11.30"]
[SourceVersion "1"]
[SourceVersionDate "2023.11.30"]
[SourceQuality "1"]
[WhiteTeam "Steiermark U18"]
[BlackTeam "Kaernten U18"]
[WhiteTeamCountry "AUT"]
[BlackTeamCountry "AUT"]

1. d4 d5 2. Bf4 Nf6 3. e3 e6 4. Nd2 c5 5. c3 Nc6 6. Ngf3 Bd6 7. Bg3 0-0 8. Bd3 b6 9. Qe2 Bb7 10. Rd1 Ne4 11. Bxe4 dxe4 12. Nxe4 Bxg3 13. hxg3 cxd4 14. exd4 Qd5 15. a3 Ne7 16. Ned2 Qf5 17. Qe5 Qxe5+ 18. dxe5 Rad8 19. 0-0 Nf5 20. Rfe1 h6 21. Nc4 Bd5 22. Nfd2 Rc8 23. Ne3 Nxe3 24. Rxe3 Rfd8 25. Ree1 Bc6 26. Nf3 Ba4 27. Rxd8+ Rxd8 28. Nd4 Be8 29. f4 Kh7 30. Kf2 Rc8 31. Rd1 Ba4 32. Rd2 Rd8 33. Ke3 Rd5 34. g4 g5 35. g3 Kg6 36. Re2 Bd1 37. Rf2 Bxg4 38. fxg5 hxg5 39. Ke4 Bd1 40. Rf6+ Kg7 41. Rf2 Ba4 42. Rf6 Rd8 43. Rf2 Kg6 44. Rf6+ Kg7 45. Rf2 Kg6 46. Rh2 Kg7 47. Rh5 Kg6 48. Rh2 Kg7 49. Rf2 Kg6 50. Rf6+ Kg7 51. Rf2 Kg6 52. b3 Bd7 53. c4 Rh8 54. b4 Rh3 55. Rf3 Rh1 56. Rc3 Re1+ 57. Re3 Rc1 58. c5 bxc5 59. bxc5 Rxc5 60. Rb3 Rc7 61. g4 Ba4 62. Rb4 Bd1 63. Nb5 Rd7 64. Ke3 Rd5 65. Nc3 Rd7 66. Nxd1 Rxd1 67. Rb7 Rg1 68. Kf3 Ra1 69. Rxa7 Re1 70. Ra5 Rd1 71. Ke4 Rg1 72. Kf3 Rd1 73. a4 Rd3+ 74. Ke4 Rg3 75. Ra8 Rxg4+ 76. Kf3 Rf4+ 77. Ke3 Kf5 78. a5 Ra4 79. a6 Kxe5 80. a7 f5 81. Kd3 g4 82. Kc3 g3 83. Kd3 g2 84. Rg8 g1Q 85. Rxg1 Rxa7 86. Re1+ Kf6 87. Kd4 Rd7+ 88. Ke3 Rd5 89. Rh1 Ke5 90. Re1 Rd4 91. Kf3+ Re4 92. Rb1 Kf6 93. Rb6 Re5 94. Kf4 Re1 95. Kf3 Ke5 96. Rb5+ Kf6 97. Rb6 Rf1+ 98. Ke2 Rf4 99. Ke3 Re4+ 100. Kf3 Ke5 101. Rb5+ Kd4 102. Rb4+ Kd3 103. Rb3+ Kd4 104. Rb4+ Ke5 105. Rb5+ Kf6 106. Rb6 Kg5 107. Rb8 Rc4 108. Rg8+ Kf6 109. Rf8+ Ke5 110. Ra8 Rc5 111. Ra4 Kd5 112. Ra8 e5 113. Rd8+ Kc4 114. Rf8 e4+ 115. Kf4 Kd3 116. Rd8+ Ke2 117. Ra8 Rc4 118. Kxf5 e3 119. Ra2+ Kd3 120. Ra3+ Rc3 121. Ra1 e2 122. Kf4 Kd2 123. Ra2+ Rc2 124. Ra8 e1Q 125. Rd8+ Kc1 126. Kf3 Qe2+ 127. Kf4 Rd2 0-1

[Event "AUT-chT (Women) 2223"]
[Site "Austria"]
[Date "2023.03.04"]
[Round "6.4"]
[White "Katter, Marlene"]
[Black "Kosc, Renata"]
[Result "1-0"]
[WhiteElo "1854"]
[BlackElo "1953"]
[PlyCount "83"]
[EventDate "2022.10.21"]
[EventType "team-tourn"]
[EventRounds "9"]
[EventCountry "AUT"]
[SourceTitle "EXT 2024"]
[Source "ChessBase"]
[SourceDate "2023.10.10"]
[SourceVersion "1"]
[SourceVersionDate "2023.10.10"]
[SourceQuality "1"]
[WhiteTeam "Lienz (W)"]
[BlackTeam "Pamhagen (W)"]
[WhiteTeamCountry "AUT"]
[BlackTeamCountry "AUT"]

1. d4 Nf6 2. Bf4 d6 3. e3 g6 4. h3 Bg7 5. Nf3 Nbd7 6. Be2 0-0 7. c3 Qe8 8. Bh2 e5 9. dxe5 dxe5 10. Nbd2 b6 11. Bb5 Qe7 12. Bc6 Rb8 13. Qe2 Bb7 14. Bxb7 Rxb7 15. Nc4 Ne4 16. 0-0 Rbb8 17. Rad1 Rbd8 18. Nfd2 Nec5 19. Rfe1 Rfe8 20. Nf3 f6 21. Kh1 Kf7 22. Na3 c6 23. Nc4 Nf8 24. e4 Kg8 25. b4 Nce6 26. g3 Nc7 27. Qc2 Qf7 28. Nd6 Qe7 29. Nxe8 Qxe8 30. Rxd8 Qxd8 31. Rd1 Qe7 32. Qd3 Kf7 33. Qd6 c5 34. Ne1 Nfe6 35. Qxe7+ Kxe7 36. f4 f5 37. exf5 gxf5 38. Nf3 exf4 39. gxf4 Bxc3 40. bxc5 Nxc5 41. Ne5 Ne4 42. Rd7+ 1-0

[Event "AUT-chT (Women) 2223"]
[Site "Austria"]
[Date "2023.03.03"]
[Round "5.4"]
[White "Stangl, Helga"]
[Black "Katter, Marlene"]
[Result "0-1"]
[WhiteElo "1561"]
[BlackElo "1854"]
[PlyCount "72"]
[EventDate "2022.10.21"]
[EventType "team-tourn"]
[EventRounds "9"]
[EventCountry "AUT"]
[SourceTitle "EXT 2024"]
[Source "ChessBase"]
[SourceDate "2023.10.10"]
[SourceVersion "1"]
[SourceVersionDate "2023.10.10"]
[SourceQuality "1"]
[WhiteTeam "St Veit/Glan (W)"]
[BlackTeam "Lienz (W)"]
[WhiteTeamCountry "AUT"]
[BlackTeamCountry "AUT"]

1. Nf3 e6 2. b3 d5 3. Bb2 Nf6 4. e3 Be7 5. Be2 0-0 6. d3 c5 7. 0-0 Nc6 8. Nbd2 Qc7 9. h3 e5 10. c4 d4 11. exd4 exd4 12. Qc2 h6 13. Ne4 Bf5 14. Bc1 Bh7 15. Qd2 Nxe4 16. dxe4 Bxe4 17. Re1 Bf6 18. Nh2 d3 19. Bxd3 Bxd3 20. Qxd3 Bxa1 21. Bxh6 gxh6 22. Rxa1 Qe5 23. Rf1 Rad8 24. Qb1 Rfe8 25. Ng4 Qe6 26. Qc1 Rd6 27. Kh1 f5 28. Ne3 Qe4 29. Nd5 Nb4 30. f3 Qe2 31. a3 Nxd5 32. cxd5 Rxd5 33. Rg1 Qd2 34. Qc4 Re1 35. Kh2 Rxg1 36. Kxg1 Qd4+ 0-1

[Event "Wch U16 Girls blitz"]
[Site "Rhodes"]
[Date "2022.05.03"]
[Round "9"]
[White "Omonova, Umida"]
[Black "Katter, Marlene"]
[Result "1/2-1/2"]
[WhiteElo "1817"]
[BlackElo "1657"]
[PlyCount "68"]
[EventDate "2022.05.03"]
[EventType "swiss (blitz)"]
[EventRounds "9"]
[EventCountry "GRE"]
[SourceTitle "CBM 208 Extra"]
[Source "ChessBase"]
[SourceDate "2022.07.31"]
[SourceVersion "1"]
[SourceVersionDate "2022.07.31"]
[SourceQuality "1"]

1. e4 e6 2. d4 d5 3. Nd2 dxe4 4. Nxe4 Nd7 5. Nf3 Ngf6 6. Bd3 Nxe4 7. Bxe4 Nf6 8. Bd3 c5 9. 0-0 Be7 10. dxc5 Bxc5 11. Bb5+ Bd7 12. Qe2 0-0 13. Bg5 Bxb5 14. Qxb5 Bb6 15. a4 Qe7 16. a5 Bc5 17. Bxf6 gxf6 18. Ra4 f5 19. Re1 Rac8 20. Rh4 Qf6 21. Qxb7 Rb8 22. Qc6 Rfc8 23. Qa6 Qxb2 24. Qd3 Qf6 25. Qd2 Bf8 26. Qd3 Rc3 27. Qd4 Qxd4 28. Nxd4 Bg7 29. Rd1 Bxd4 30. Rhxd4 Rxc2 31. Rd7 Rbb2 32. Rf1 Rc5 33. Rxa7 Ra2 34. a6 Rc6 1/2-1/2

[Event "Wch U16 Girls rapid"]
[Site "Rhodes"]
[Date "2022.05.01"]
[Round "9"]
[White "Omonova, Umida"]
[Black "Katter, Marlene"]
[Result "1/2-1/2"]
[WhiteElo "1856"]
[BlackElo "1674"]
[PlyCount "24"]
[EventDate "2022.05.01"]
[EventType "swiss (rapid)"]
[EventRounds "9"]
[EventCountry "GRE"]
[SourceTitle "CBM 208 Extra"]
[Source "ChessBase"]
[SourceDate "2022.07.31"]
[SourceVersion "1"]
[SourceVersionDate "2022.07.31"]
[SourceQuality "1"]

1. e4 e6 2. d4 d5 3. Nd2 dxe4 4. Nxe4 Nd7 5. Nf3 Ngf6 6. Ng3 c5 7. Be2 Be7 8. 0-0 0-0 9. Re1 b6 10. c3 Bb7 11. h3 Qc7 12. a4 Nd5 1/2-1/2

[Event "AUT-chT District U18 Online Rapid"]
[Site "Playchess.com INT"]
[Date "2020.12.12"]
[Round "3"]
[White "Katter, Marlene"]
[Black "Roessler, Lukas1"]
[Result "1-0"]
[WhiteElo "1680"]
[BlackElo "1503"]
[PlyCount "127"]
[EventDate "2020.12.12"]
[EventType "team-swiss (rapid)"]
[EventRounds "9"]
[EventCountry "AUT"]
[SourceTitle "EXT 2022"]
[Source "ChessBase"]
[SourceDate "2021.10.06"]
[SourceVersion "1"]
[SourceVersionDate "2021.10.06"]
[SourceQuality "1"]

1. d4 d5 2. Bf4 Nf6 3. e3 Bf5 4. c3 Nc6 5. Nf3 e6 6. Bb5 a6 7. Ba4 b5 8. Bc2 Bxc2 9. Qxc2 Bd6 10. Ne5 Bxe5 11. dxe5 Ng4 12. 0-0 Ngxe5 13. Nd2 0-0 14. Rfd1 Ng4 15. Nf3 h6 16. e4 Nf6 17. exd5 exd5 18. a4 bxa4 19. Qxa4 Ne7 20. Be5 Nf5 21. Qc6 Ne8 22. Rxd5 Qb8 23. Rd2 Ned6 24. Bxd6 cxd6 25. Rxa6 Rxa6 26. Qxa6 Re8 27. g4 Ne7 28. Qxd6 Qxd6 29. Rxd6 Nc8 30. Rc6 Ne7 31. Rc5 Ng6 32. b4 Nf4 33. Re5 Ne2+ 34. Kf1 Rxe5 35. Nxe5 Nxc3 36. Ke1 Kf8 37. Kd2 Nb5 38. Kd3 f6 39. Nc6 Ke8 40. Kc4 Nc7 41. Kc5 Kd7 42. b5 Na8 43. b6 g5 44. b7 Nc7 45. b8Q Na6+ 46. Kd5 Nxb8 47. Nxb8+ Ke7 48. Nc6+ Kf7 49. Ke4 Kg6 50. Nd4 h5 51. h3 hxg4 52. hxg4 Kf7 53. Kf5 Ke7 54. Nf3 Kf7 55. Nxg5+ fxg5 56. Kxg5 Kg7 57. f4 Kf7 58. f5 Kg7 59. f6+ Kf7 60. Kf5 Kf8 61. Ke6 Ke8 62. f7+ Kf8 63. g5 Kg7 64. Ke7 1-0

[Event "AUT-chT District U18 Online Rapid"]
[Site "Playchess.com INT"]
[Date "2020.12.12"]
[Round "4"]
[White "Raber, Eduard"]
[Black "Katter, Marlene"]
[Result "0-1"]
[WhiteElo "1784"]
[BlackElo "1689"]
[PlyCount "116"]
[EventDate "2020.12.12"]
[EventType "team-swiss (rapid)"]
[EventRounds "9"]
[EventCountry "AUT"]
[SourceTitle "EXT 2022"]
[Source "ChessBase"]
[SourceDate "2021.10.06"]
[SourceVersion "1"]
[SourceVersionDate "2021.10.06"]
[SourceQuality "1"]

1. e4 e6 2. d4 d5 3. e5 c5 4. c3 Nc6 5. Nf3 Nge7 6. Be3 cxd4 7. cxd4 Nf5 8. Bb5 Bb4+ 9. Nc3 Bd7 10. Bxc6 Bxc6 11. 0-0 0-0 12. a3 Bxc3 13. bxc3 Qa5 14. Qd2 Rfc8 15. Rfc1 Bb5 16. Qb2 Rc7 17. Qb4 Qxb4 18. cxb4 Rac8 19. Bd2 Be2 20. g4 Bxf3 21. gxf5 exf5 22. Rxc7 Rxc7 23. Rc1 Rxc1+ 24. Bxc1 Kf8 25. Kf1 Ke7 26. Ke1 Kd7 27. Kd2 Kc6 28. Kc3 a6 29. Bf4 h6 30. a4 g5 31. Bd2 Bd1 32. h3 Bxa4 33. f4 g4 34. hxg4 fxg4 35. f5 h5 36. Be1 Bd1 37. Kd3 Bf3 38. f6 Kd7 39. Ke3 b6 40. e6+ Kxe6 41. Kf4 Kxf6 42. Bh4+ Kg6 43. Ke5 a5 44. b5 a4 45. Bd8 g3 46. Bxb6 g2 47. Bc5 g1Q 48. b6 Qe3+ 49. Kd6 Qe6+ 50. Kc7 Bg4 51. b7 Qd7+ 52. Kb6 Qd8+ 53. Ka7 Qa5+ 54. Kb8 a3 55. Be7 a2 56. Bg5 a1Q 57. Bc1 Q1c3 58. Bd2 Qcc7# 0-1

[Event "AUT-ch Vor1 Internet (Women)"]
[Site "Playchess.com INT"]
[Date "2020.05.30"]
[Round "7"]
[White "Katter, Marlene"]
[Black "Mira, Helene"]
[Result "0-1"]
[WhiteElo "1609"]
[BlackElo "2082"]
[PlyCount "68"]
[EventDate "2020.05.30"]
[EventType "swiss (blitz)"]
[EventRounds "9"]
[EventCountry "AUT"]
[SourceTitle "CBM 196 Extra"]
[Source "ChessBase"]
[SourceDate "2020.07.31"]
[SourceVersion "1"]
[SourceVersionDate "2020.07.31"]
[SourceQuality "1"]

1. d4 d6 2. Bf4 Nf6 3. e3 g6 4. Nf3 Bg7 5. Nbd2 0-0 6. c3 Nbd7 7. Bd3 e6 8. 0-0 Qe7 9. h3 e5 10. Bg5 h6 11. Bxf6 Nxf6 12. dxe5 dxe5 13. Be2 e4 14. Nd4 c5 15. N4b3 b6 16. Qc2 Bb7 17. Rad1 Rad8 18. Nc4 Rd7 19. Rxd7 Nxd7 20. Ncd2 f5 21. Re1 Ne5 22. Nc4 Rd8 23. Nxe5 Qxe5 24. Bc4+ Kh7 25. Rd1 Rd6 26. Rxd6 Qxd6 27. Qd2 Qc6 28. Nc1 b5 29. Bb3 c4 30. Bc2 Be5 31. Ne2 Bc7 32. Nd4 Qd6 33. Qe2 Qh2+ 34. Kf1 Qh1# 0-1

[Event "AUT-ch Vor1 Internet (Women)"]
[Site "Playchess.com INT"]
[Date "2020.05.30"]
[Round "9"]
[White "Moerwald, Magdalena"]
[Black "Katter, Marlene"]
[Result "1-0"]
[WhiteElo "1791"]
[BlackElo "1609"]
[PlyCount "41"]
[EventDate "2020.05.30"]
[EventType "swiss (blitz)"]
[EventRounds "9"]
[EventCountry "AUT"]
[SourceTitle "CBM 196 Extra"]
[Source "ChessBase"]
[SourceDate "2020.07.31"]
[SourceVersion "1"]
[SourceVersionDate "2020.07.31"]
[SourceQuality "1"]

1. e4 e6 2. d4 d5 3. Bd3 dxe4 4. Bxe4 Nf6 5. Bf3 c5 6. Ne2 Be7 7. 0-0 0-0 8. Be3 Qc7 9. Nbc3 Bd7 10. dxc5 Na6 11. c6 Bxc6 12. Bxc6 Qxc6 13. Nd4 Qd7 14. Qf3 Nc5 15. Rad1 Qc8 16. Rfe1 Rd8 17. Ndb5 a6 18. Na3 Qc7 19. Nc4 Rxd1 20. Rxd1 b5 21. Qxa8+ 1-0

[Event "AUT-ch Vor3 Internet"]
[Site "Playchess.com INT"]
[Date "2020.04.17"]
[Round "8"]
[White "Riemelmoser, Stefan"]
[Black "Katter, Marlene"]
[Result "1/2-1/2"]
[WhiteElo "2046"]
[BlackElo "1609"]
[PlyCount "150"]
[EventDate "2020.04.17"]
[EventType "swiss (blitz)"]
[EventRounds "9"]
[EventCountry "AUT"]
[SourceTitle "CBM 195 Extra"]
[Source "ChessBase"]
[SourceDate "2020.05.31"]
[SourceVersion "1"]
[SourceVersionDate "2020.05.31"]
[SourceQuality "1"]

1. e4 e6 2. d4 d5 3. Nc3 dxe4 4. Nxe4 Nd7 5. Nf3 Ngf6 6. Nxf6+ Nxf6 7. c3 c5 8. Bd3 Be7 9. 0-0 0-0 10. h3 b6 11. Be3 cxd4 12. Bxd4 Bb7 13. Re1 Nd5 14. Qc2 h6 15. Re4 Nf6 16. Rh4 Bxf3 17. gxf3 g5 18. Rxh6 Kg7 19. Rh7+ Kg8 20. Bxf6 Bxf6 21. Rh5 Re8 22. Qe2 Bg7 23. Qe4 f5 24. Qe2 Qf6 25. f4 gxf4 26. Kh2 Qe5 27. Qf3 Kf7 28. Rg1 Rh8 29. Rxh8 Rxh8 30. Qg2 f3+ 31. Qg3 Qxg3+ 32. Kxg3 Be5+ 33. Kxf3 Rxh3+ 34. Ke2 Rh7 35. Rg2 Rg7 36. Rxg7+ Kxg7 37. Ke3 Kf6 38. f4 Bd6 39. Kf3 e5 40. fxe5+ Bxe5 41. Ke3 f4+ 42. Kf3 Kg5 43. Be2 a5 44. Bd3 Bd6 45. Bc4 Bc5 46. Be6 Be3 47. b3 Bd2 48. c4 Bb4 49. Bd5 Bc5 50. Be6 Bd6 51. Bd5 Kf6 52. Ke4 Be5 53. Bc6 Bd6 54. Kd5 Bc5 55. Ke4 Bd6 56. Bb7 Bc7 57. Kd4 Kf5 58. Bf3 Bd6 59. Kd5 Bc5 60. Kc6 Ke5 61. Kb5 Kd4 62. Ka4 Ke3 63. Bg2 f3 64. Bh3 Ke2 65. a3 f2 66. b4 axb4 67. axb4 Be7 68. Kb5 Bd8 69. c5 bxc5 70. bxc5 f1Q 71. Bxf1+ Kxf1 72. Kc6 Ke2 73. Kd7 Ba5 74. c6 Kd3 75. c7 Bxc7 1/2-1/2

[Event "AUT-ch Vor2 Internet"]
[Site "Playchess.com INT"]
[Date "2020.04.13"]
[Round "4"]
[White "Huber, Guenter"]
[Black "Katter, Marlene"]
[Result "1/2-1/2"]
[WhiteElo "1979"]
[BlackElo "1609"]
[PlyCount "105"]
[EventDate "2020.04.13"]
[EventType "swiss (blitz)"]
[EventRounds "9"]
[EventCountry "AUT"]
[SourceTitle "CBM 195 Extra"]
[Source "ChessBase"]
[SourceDate "2020.05.31"]
[SourceVersion "1"]
[SourceVersionDate "2020.05.31"]
[SourceQuality "1"]

1. c4 e6 2. g3 f5 3. Bg2 Nf6 4. Nc3 d5 5. cxd5 exd5 6. d4 c6 7. Bg5 Nbd7 8. e3 Bd6 9. Nf3 0-0 10. 0-0 h6 11. Bxf6 Nxf6 12. Ne5 Ne4 13. f4 Be6 14. Rc1 Rc8 15. Qe2 Qf6 16. Nxe4 fxe4 17. Qh5 Bxe5 18. fxe5 Qg5 19. Qxg5 hxg5 20. Rxf8+ Rxf8 21. Rf1 Bg4 22. Rxf8+ Kxf8 23. Kf2 Ke7 24. Ke1 g6 25. Bf1 Bf3 26. Bh3 g4 27. Bf1 Ke6 28. Kd2 Kd7 29. Kc3 Bd1 30. Kb4 Bf3 31. h3 g5 32. hxg4 Bxg4 33. Kc5 Be6 34. a3 Kc7 35. a4 Kd7 36. Kb4 Kc7 37. Kc3 Kd7 38. b4 Kc7 39. b5 Kb6 40. Kb4 Kc7 41. a5 cxb5 42. Bxb5 b6 43. axb6+ axb6 44. Be8 Bc8 45. Kb5 Be6 46. Ka6 Bc8+ 47. Kb5 Be6 48. Bg6 Bd7+ 49. Kb4 Be6 50. Bh7 Kc6 51. Bg6 Kc7 52. Be8 Bc8 53. Kb5 1/2-1/2

[Event "AUT-ch Vor1 Internet"]
[Site "Playchess.com INT"]
[Date "2020.04.11"]
[Round "3"]
[White "Katter, Marlene"]
[Black "Kanzian, Heinz"]
[Result "1-0"]
[WhiteElo "1609"]
[BlackElo "1642"]
[PlyCount "83"]
[EventDate "2020.04.11"]
[EventType "swiss (blitz)"]
[EventRounds "9"]
[EventCountry "AUT"]
[SourceTitle "CBM 195 Extra"]
[Source "ChessBase"]
[SourceDate "2020.05.31"]
[SourceVersion "1"]
[SourceVersionDate "2020.05.31"]
[SourceQuality "1"]

1. d4 d5 2. Bf4 Nf6 3. e3 Nc6 4. Nf3 e6 5. Bb5 Bd7 6. Ne5 a6 7. Nxc6 bxc6 8. Bd3 c5 9. c3 cxd4 10. cxd4 c5 11. Nc3 cxd4 12. exd4 Be7 13. Qe2 0-0 14. Bxa6 Qb6 15. Bd3 Bb4 16. Be3 Bxc3+ 17. bxc3 h6 18. 0-0 Ne4 19. Bxe4 dxe4 20. Rab1 Qc7 21. Rfc1 Rab8 22. Qg4 f5 23. Qg3 Qxg3 24. hxg3 Rbc8 25. Rb7 Bb5 26. Rxb5 Ra8 27. Rb2 Rfc8 28. c4 g5 29. Rcc2 Kf7 30. d5 exd5 31. cxd5 Rxc2 32. Rxc2 Ke7 33. f3 exf3 34. gxf3 Kd6 35. Rd2 Re8 36. Kf2 f4 37. gxf4 gxf4 38. Bxf4+ Kc5 39. d6 h5 40. d7 Rd8 41. Bg5 Rxd7 42. Rxd7 1-0

[Event "AUT-ch Vor1 Internet"]
[Site "Playchess.com INT"]
[Date "2020.04.11"]
[Round "5"]
[White "Schroettner, Tobias Julian"]
[Black "Katter, Marlene"]
[Result "1-0"]
[WhiteElo "1503"]
[BlackElo "1609"]
[PlyCount "147"]
[EventDate "2020.04.11"]
[EventType "swiss (blitz)"]
[EventRounds "9"]
[EventCountry "AUT"]
[SourceTitle "CBM 195 Extra"]
[Source "ChessBase"]
[SourceDate "2020.05.31"]
[SourceVersion "1"]
[SourceVersionDate "2020.05.31"]
[SourceQuality "1"]

1. e4 e6 2. d4 d5 3. exd5 exd5 4. Nf3 Nf6 5. Bd3 Bd6 6. Qe2+ Qe7 7. Qxe7+ Bxe7 8. Bg5 0-0 9. 0-0 h6 10. Bh4 Be6 11. Re1 Nc6 12. c3 Rfe8 13. Nbd2 Bg4 14. h3 Bh5 15. Ne5 Nxe5 16. Rxe5 Bd6 17. Bxf6 Bxe5 18. Bxe5 f6 19. Bxc7 Be2 20. Bg6 Re7 21. Re1 Rxc7 22. Rxe2 Rd8 23. Nf3 Kf8 24. Nh4 Re7 25. Rxe7 Kxe7 26. Nf5+ Kd7 27. Ne3 Kd6 28. Kf1 a6 29. Bf7 Kc6 30. Bxd5+ Rxd5 31. Nxd5 Kxd5 32. b3 b5 33. Ke2 b4 34. cxb4 Kxd4 35. Kd2 Kd5 36. a3 g6 37. Kd3 f5 38. a4 g5 39. b5 axb5 40. axb5 Kc5 41. b4+ Kxb5 42. Kd4 Kxb4 43. Ke5 f4 44. Kf5 Kc4 45. Kg6 Kd3 46. Kxh6 Ke2 47. Kxg5 Kxf2 48. Kxf4 Kxg2 49. h4 Kh3 50. h5 Kh4 51. h6 Kh5 52. h7 Kg6 53. h8R Kg7 54. Rh5 Kg6 55. Kg4 Kf6 56. Ra5 Ke6 57. Kf4 Kd6 58. Ke4 Kc6 59. Kd4 Kb6 60. Rh5 Kc6 61. Rg5 Kb6 62. Kc4 Ka6 63. Kb4 Kb6 64. Rg6+ Kc7 65. Kb5 Kd7 66. Kc5 Ke7 67. Kd5 Kf7 68. Ra6 Ke7 69. Rb6 Kf7 70. Ke5 Kg7 71. Kf5 Kf7 72. Rb7+ Ke8 73. Ke6 Kd8 74. Rh7 1-0

[Event "AUT-chT (Women) 1920"]
[Site "Austria"]
[Date "2020.01.11"]
[Round "5.4"]
[White "Katter, Marlene"]
[Black "Oberberger, Bianca"]
[Result "1-0"]
[WhiteElo "1446"]
[BlackElo "1224"]
[PlyCount "153"]
[EventDate "2019.10.11"]
[EventType "team-tourn"]
[EventRounds "9"]
[EventCountry "AUT"]
[SourceTitle "CBM 194 Extra"]
[Source "ChessBase"]
[SourceDate "2020.03.31"]
[SourceVersion "1"]
[SourceVersionDate "2020.03.31"]
[SourceQuality "1"]
[WhiteTeam "Lienz (W)"]
[BlackTeam "Feffernitz (W)"]
[WhiteTeamCountry "AUT"]
[BlackTeamCountry "AUT"]

1. d4 d5 2. Bf4 Nf6 3. e3 Bf5 4. c4 e6 5. Qb3 Qc8 6. Nc3 c6 7. Rc1 Qd7 8. Nf3 Be7 9. Ne5 Qc8 10. Be2 0-0 11. 0-0 Nbd7 12. cxd5 exd5 13. Bf3 Nb6 14. Bg5 Be6 15. Bd1 Re8 16. Qc2 Bf5 17. Qe2 Ne4 18. Nxe4 Bxe4 19. Bxe7 Rxe7 20. Qh5 Qf5 21. Qh4 Qe6 22. Bg4 Qd6 23. Qg3 Qd8 24. Qh3 Qe8 25. Bh5 g6 26. Be2 Nd7 27. Ng4 Qf8 28. f3 Bf5 29. Nh6+ Kh8 30. Nxf5 gxf5 31. Qxf5 Qg7 32. Rc3 Qg6 33. Qxg6 fxg6 34. Re1 Rae8 35. Bd1 Nb6 36. b3 Kg7 37. Kf2 Nd7 38. Rc2 Nf6 39. Rce2 Rf8 40. Kg1 Rfe8 41. Bc2 Rd7 42. Rd1 Rde7 43. e4 dxe4 44. fxe4 Rd8 45. h3 Ne8 46. b4 Nc7 47. a4 Red7 48. Red2 Na6 49. b5 cxb5 50. axb5 Nc7 51. Ba4 b6 52. d5 Kf6 53. Kf2 Ke5 54. Ke3 Rf8 55. d6 Ne6 56. Rd5+ Kf6 57. Rf1+ Kg7 58. Rxf8 Kxf8 59. Bb3 Nc5 60. Ba2 Nb7 61. e5 Nc5 62. Rd2 Kg7 63. e6 Rd8 64. e7 Re8 65. Bd5 Kf6 66. Bc6 Rxe7+ 67. dxe7 Kxe7 68. Ra2 Kf6 69. Rxa7 h5 70. Ra8 Kg7 71. Rb8 Kh6 72. Rxb6 Ne6 73. Be4 Nf8 74. Kf4 Kg7 75. Bxg6 Nxg6+ 76. Rxg6+ Kxg6 77. b6 1-0